00420nam a2200157Ia 45000010006000000050017000060080041000230410008000640820016000721000039000882450082001272600009002093000028002186500008002466540008002541327820260306163042.0260306t2001||||xx |||||||||||||| ||spa|| aESP a001.42bI26 aIcart i Isern, María TeresaeAUT 0aElaboración y presentación de un proyecto de investigación y una tesina c2001 a141 páginas :c30 cm. aGEN aCHU